Big Time Rush Characters - Statistics

General Stats
  • This quiz has been taken 63 times
  • The average score is 15 of 27
Answer Stats
Answer % Correct
Carlos Garcia
100%
James Diamond
100%
Kendall Knight
100%
Logan Mitchell
98%
Gustavo Rocque
93%
Jo Taylor
91%
Katie Knight
86%
Camille Roberts
81%
Kelly Wainwright
81%
Jennifer Knight
79%
Lucy Stone
74%
Buddha Bob
67%
Reginald Bitters
63%
Arthur Griffin
60%
Guitar Dude
42%
Jennifer 1
40%
Jennifer 2
37%
Jennifer 3
37%
Tyler Duncan
37%
Jett Stetson
30%
Lightning The Wonder Dog
21%
Freight Train
19%
Hawk
19%
Dr Hollywood
16%
Tyler's Mum
16%
Fabio Lanzoni
9%
Obdul
7%
No matching quizzes found
Score Distribution
Percent of People with Each Score
Percentile by Number Answered
Your Score History
You have not taken this quiz